K výkonu konkurenčnej činnosti v obchodnom a pracovnom práve

Zákaz výkonu konkurenčnej činnosti zamestnanca obchodnej spoločnosti a zárobkovej činnosti, ktorá je zhodná s činnosťou zamestnávateľa podľa obchodného a pracovného práva.

Saved in:
Bibliographic Details
Main Author: Barancová, Helena
Format: Book Chapter
Language:Slovak
Subjects:
Tags: Add Tag
No Tags, Be the first to tag this record!

MARC

LEADER 00000naa a2200000 4500
001 r025691
005 20230424121051.5
041 0 |a slo 
044 |a SK 
245 1 0 |a K výkonu konkurenčnej činnosti v obchodnom a pracovnom práve  |c Helena Barancová 
520 |a Zákaz výkonu konkurenčnej činnosti zamestnanca obchodnej spoločnosti a zárobkovej činnosti, ktorá je zhodná s činnosťou zamestnávateľa podľa obchodného a pracovného práva. 
610 2 0 |a právo obchodné 
610 2 0 |a právo pracovné 
610 2 0 |a zamestnanci 
610 2 0 |a činnosť konkurenčná 
100 1 |a Barancová, Helena